| 000 | 00650nam a22001817a 4500 | ||
|---|---|---|---|
| 003 | UA-OsUOA | ||
| 001 | 16278 | ||
| 007 | ta | ||
| 008 | 20031224b un ||||| |||| 00| 0 ukr d | ||
| 100 | _aКидрук І. | ||
| 942 | _cSA | ||
| 040 |
_aUA-OsUOA _cUA-OsUOA _dUA-OsUOA |
||
| 245 |
_aЯкі фахівці потрібні Україні _b[В обл. проведено виїзне засід. Ком. Верховної Ради з питань освіти і науки] |
||
| 300 | _aС.1 | ||
| 955 | _a0 | ||
| 773 | 0 |
_w0 _tВісті Рівненщини _dРівне _d2003 _g№84/ 10 жовт./ |
|
| 650 | 7 |
_aКраєзнавча робота _2UDC |
|
| 999 |
_c302443 _d302443 |
||